LEADER 00766nam0 2200253 450 001 000025962 005 20090526111923.0 100 $a20090526d1963----km-y0itay50------ba 101 0 $aeng 102 $aUS 105 $aa-------001yy 200 1 $aSolar flares$fHenry J. Smith and Elske v. P. Smith 210 $aNew York$cMacmillan$d1963 215 $a322 p$cill.$d25 cm 410 0$12001 500 10$aSolar flares$943067 676 $a523.75$v19$9Sole. Protuberanze, cromosfera, brillameti, corona 700 1$aSmith,$bHenry J.$0633502 701 1$aSmith,$bElske v. P.$0633503 801 0$aIT$bUNIPARTHENOPE$c20090526$gRICA$2UNIMARC 912 $a000025962 951 $aDISAM 523.75/1$bM 818$cDISAM$d2009 996 $aSolar flares$943067 997 $aUNIPARTHENOPE LEADER 00867nam0-22003011i-450- 001 990002958290403321 010 $a88-458-0452-6 035 $a000295829 035 $aFED01000295829 035 $a(Aleph)000295829FED01 035 $a000295829 100 $a20000920d1999----km-y0itay50------ba 101 0 $aITA 200 1 $aAgrigento$ecensimento intermedio dell'industria e dei servizi, 31 dicembre 1996$fIstituto Nazionale di Statistica 210 $aRoma$cIstat$d1999 215 $a85 p.$d29 cm 300 $aVol.84 610 0 $aCensimento intermedio industria e servizi$aAgrigento$a1996 676 $a351.81 700 1$aIstat$0445627 801 0$aIT$bUNINA$gRICA$2UNIMARC 901 $aBK 912 $a990002958290403321 952 $aCDI-CENS96Agr-Pos-174$b7220$fMAS 959 $aMAS 996 $aAgrigento$9466214 997 $aUNINA DB $aING01 LEADER 01490nam0 22003853i 450 001 LO10435844 005 20231121125519.0 010 $a8833950271 100 $a20210427d1981 ||||0itac50 ba 101 | $aita 102 $ait 181 1$6z01$ai $bxxxe 182 1$6z01$an 200 1 $aReattivi psicodiagnostici$fDavid Rapaport, Merton M. Gill, Roy Schafer$ged. riveduta a cura di Robert R. Holt 205 $a2. ed 210 $aTorino$cBoringhieri$d1981 215 $a643 p:$d24 cm. 225 | $aProgramma di psicologia, psichiatria, psicoterapia 410 0$1001CFI0000066$12001 $aProgramma di psicologia, psichiatria, psicoterapia 500 10$aDiagnostic psychological testing. -$3CFI0018256$9CFIV010509$93608332 606 $aTest psicologici$2FIR$3RMLC017769$9I 606 $aPsicopatie$xDiagnosi$2FIR$3RMLC068989$9I 676 $a616.19$9$v21 700 1$aRapaport$b, David$3CFIV010509$4070$0161029 701 1$aSchafer$b, Roy$3CFIV010513$4070$0161027 701 1$aGill$b, Merton Max$3FERV011437$4070$0483106 702 1$aHolt$b, Robert R.$3CFIV010514 801 3$aIT$bIT-01$c20210427 850 $aIT-FR0017 899 $aBiblioteca umanistica Giorgio Aprea$bFR0017 $eN 912 $aLO10435844 950 0$aBiblioteca umanistica Giorgio Aprea$d 52MAG 14/803$e 52DSS0000002695 VMB RS $fA $h20210427$i20210427 977 $a 52 996 $aDiagnostic psychological testing$93608332 997 $aUNICAS LEADER 01765nas 2200517- 450 001 9910132276103321 005 20220308213021.0 011 $a2353-5415 035 $a(OCoLC)936119790 035 $a(CKB)3710000000346351 035 $a(CONSER)--2015206151 035 $a(DE-599)ZDB2836009-6 035 $a(EXLCZ)993710000000346351 100 $a20160127a20149999 --- - 101 0 $aeng 135 $aurun||||||||| 181 $ctxt$2rdacontent 182 $cc$2rdamedia 183 $acr$2rdacarrier 200 00$aInternational journal for transformative research 210 1$aWarsaw, Poland :$cDe Gruyter Open 215 $a1 online resource 300 $aRefereed/Peer-reviewed 517 3 $aIJTR 606 $aTransformative learning$vPeriodicals 606 $aEducation$xPhilosophy$vPeriodicals 606 $aEducation$xResearch$vPeriodicals 606 $aSocial sciences$xResearch$xMethodology$vPeriodicals 606 $aSocial sciences$xResearch$xMethodology$2fast$3(OCoLC)fst01122961 606 $aEducation$xResearch$2fast$3(OCoLC)fst00902743 606 $aEducation$xPhilosophy$2fast$3(OCoLC)fst00902721 606 $aTransformative learning$2fast$3(OCoLC)fst01743611 608 $aPeriodicals.$2fast 615 0$aTransformative learning 615 0$aEducation$xPhilosophy 615 0$aEducation$xResearch 615 0$aSocial sciences$xResearch$xMethodology 615 7$aSocial sciences$xResearch$xMethodology. 615 7$aEducation$xResearch. 615 7$aEducation$xPhilosophy. 615 7$aTransformative learning. 712 02$aDublin City University, 906 $aJOURNAL 912 $a9910132276103321 996 $aInternational journal for transformative research$92037345 997 $aUNINA